The Psychology of money (Record no. 29520)

MARC details
000 -LEADER
fixed length control field 00601nam a22001937a 4500
003 - CONTROL NUMBER IDENTIFIER
control field OSt
005 - DATE AND TIME OF LATEST TRANSACTION
control field 20260527120907.0
008 - FIXED-LENGTH DATA ELEMENTS--GENERAL INFORMATION
fixed length control field 260527b |||||||| |||| 00| 0 eng d
020 ## - INTERNATIONAL STANDARD BOOK NUMBER
International Standard Book Number 9789390166268
082 ## - DEWEY DECIMAL CLASSIFICATION NUMBER
Classification number 158.1
Item number H81P
100 ## - MAIN ENTRY--PERSONAL NAME
Personal name Housel, Morgan
245 ## - TITLE STATEMENT
Title The Psychology of money
Remainder of title : timeless lessons on wealth, greed and happiness
Statement of responsibility, etc by Morgan Housel
260 ## - PUBLICATION, DISTRIBUTION, ETC. (IMPRINT)
Place of publication, distribution, etc Delhi
Name of publisher, distributor, etc Jaico Publishing
Date of publication, distribution, etc 2025
300 ## - PHYSICAL DESCRIPTION
Extent viii; 242p.
Other physical details Paperback
546 ## - LANGUAGE NOTE
Language note English
650 ## - SUBJECT ADDED ENTRY--TOPICAL TERM
Source of heading or term Philosophy & Psychology -> Applied Psychology
650 ## - SUBJECT ADDED ENTRY--TOPICAL TERM
Source of heading or term Personal success/self-improvement
942 ## - ADDED ENTRY ELEMENTS (KOHA)
Source of classification or shelving scheme Dewey Decimal Classification
Koha item type Books
Holdings
Withdrawn status Lost status Source of classification or shelving scheme Damaged status Not for loan Collection code Home library Current library Department Date acquired Source of acquisition Cost, normal purchase price Inventory number(Invoice/Date) Total Checkouts Full call number Barcode Checked out Date last seen Date checked out Price effective from Koha item type
    Dewey Decimal Classification     General Text Book Central University Of Rajasthan Central University Of Rajasthan Culture and Media Studies 27/05/2026 Technical Bureau 399.00 3985/09-03-2026 1 158.1 H81P 049241 03/07/2026 03/06/2026 03/06/2026 27/05/2026 Books